000 00547nam a2200217Ia 4500
003 OSt
005 20221006165033.0
006 a|||||r|||| 00| 0
007 ta
008 221006b |||||||| |||| 00| 0 hin d
024 _a7,292
037 _cDissertations
040 _aFML
_cFML
_bhin
041 _2hin
_ahin
100 _aYadav Jai Singh Au.
_9678969
245 0 _aHariyana Ka Lok Sangeet
_b Ek Aadhyayan
260 _c1982
300 _a248
_ccm.
942 _cDIS
_2CC
999 _c1119380
_d1119380